00417nam a22001457a 450000500170000000800410001702200130005804100120007108200120008310000120009524500350010726000740014230000300021665000250024620240903095920.0240903b |||||||| |||| 00| 0 eng d a10246991 aEnglish a349 NAM lEnglish aThe Namibian Law Reports 2013  aWindhoek: bLegal Assistance Centre and Juta and Company Ltd, c2013  bxxv, 300 pages; c26 cm.  aLegal practice bLaw